00590pab a2200169 454500008004000000100001500040245014000055260000900195300001100204362000800215650002500223700001300248773003300261909000900294999001500303952010200318180718b1990 xxu||||| |||| 00| 0 eng d aGoel, S.K. aRegional variations with respect to infrastructural and crop production effeciency factors in IndiabA cluster analysis of Inian States c1990 a485-98 aMay aFarm Produce - India aT. Haque aJournal of Rural development a8114 c8114d8114 00104070aIIPAbIIPAd2018-07-19hVolume no: 9, Issue no: 3pAR8127r2018-07-19w2018-07-19yAR